De la animación pedagógica a la investigación-acción: perspectivas para la innovación escolar
Furkejuvvon:
| Váldodahkki: | |
|---|---|
| Materiálatiipa: | Girji |
| Giella: | espánnjágiella |
| Almmustuhtton: |
Madrid
Narcea
1985
|
| Ráidu: | Educación Hoy
|
| Fáttát: | |
| Fáddágilkorat: |
Lasit fáddágilkoriid
Eai fáddágilkorat, Lasit vuosttaš fáddágilkora!
|
MARC
| LEADER | 00000nam a2200000 a 4500 | ||
|---|---|---|---|
| 001 | UCW3293 | ||
| 003 | CL-VaPUC | ||
| 008 | 880620e19850000SP |||||||||||||||||spa|d | ||
| 082 | 0 | 4 | |a 370.15 |b DEL |2 21 |
| 100 | 0 | |a Delorme, Charles |e author |9 307470 | |
| 245 | 1 | 0 | |a De la animación pedagógica a la investigación-acción: perspectivas para la innovación escolar |
| 300 | |a 254 p | ||
| 942 | |c BK | ||
| 945 | |d 19880620 00:00:00 | ||
| 260 | |a Madrid |b Narcea |c 1985 | ||
| 650 | 0 | |a Innovaciones pedagógicas |9 307471 | |
| 583 | |a last modification |c 19880620 00:00:00 |k Rodrigo Vera | ||
| 490 | 0 | |a Educación Hoy | |
| 999 | |c 217384 |d 217382 | ||
| 952 | |0 0 |1 0 |4 0 |6 370_150000000000000_DEL_1985 |7 0 |8 A |9 204823 |a BIBEDU |b BIBEDU |d 2019-11-15 |i 2726157 |o 370.15 DEL 1985 |p 2726157 |r 2019-11-15 |w 2019-11-15 |y BK |k EDU | ||